Marcel Duchamp: la vida a crédito. Biografía

Saved in:
Bibliografiske detaljer
Hovedforfatter: Marcadé, Bernard (autor)
Format: Bog
Sprog:spansk
Udgivet: Buenos Aires Libros del Zorzal 2008
Fag:
Tags: Tilføj Tag
Ingen Tags, Vær først til at tagge denne postø!

MARC

LEADER 00000cam a2200000 a 4500
001 UCF3462
003 CL-VaPUC
008 121011e20080000AG |||||||||||||||||spa|d
020 |a 9789875991156 
082 0 4 |a 927  |b MAR  |2 21 
100 |a Marcadé, Bernard  |e autor  |9 565296 
245 1 0 |a Marcel Duchamp: la vida a crédito. Biografía 
300 |a 640 p 
942 |c BK 
945 |d 20121011 00:00:00  |a dcastane 
260 |a Buenos Aires  |b Libros del Zorzal  |c 2008 
600 0 |a Duchamp, Marcel  |9 265048 
650 0 |a Biografías  |9 255210 
650 0 |a Artistas franceses  |9 559308 
583 |a last modification  |c 20121011 12:23:00  |k Rodrigo Vera 
999 |c 349784  |d 349782 
952 |0 0  |1 0  |4 0  |6 927_000000000000000_MAR_2008  |7 0  |8 A  |9 452563  |a BIBARQ  |b BIBARQ  |d 2019-11-22  |i 4914457  |l 2  |o 927 MAR 2008  |p 4914457  |r 2025-01-20  |s 2024-09-23  |w 2019-11-22  |y BK  |k ARQ